The Silmarillion: Fathers Of Famous Characters - Statistics

General Stats
  • This quiz has been taken 34 times
  • The average score is 16 of 20
Answer Stats
Hint Answer % Correct
Elrond Earendil
100%
Finrod Felagund Finarfin
96%
Turin Turimbar Hurin
96%
Aragorn Arathorn
92%
Fingolfin Finwe
92%
Gimli Gloin
92%
Thrain Thror
92%
Caranthir Feanor
88%
Tuor Huor
88%
Celebrimbor Curufin
83%
Galadriel Finarfin
83%
Nienor Hurin
83%
Turgon Fingolfin
79%
Elwing Dior
75%
Finduilas Orodreth
75%
Bilbo Bungo
71%
Samwise Hamfast
71%
Thranduil Oropher
67%
Gil-Galad Orodreth
46%
Meneldil Anarion
25%
No matching quizzes found
Score Distribution
Percent of People with Each Score
Percentile by Number Answered
Your Score History
You have not taken this quiz